书目信息 |
| 题名: |
非金属矿物添料与加工技术
|
|
| 作者: | 袁继祖 编著 | |
| 分册: | ||
| 出版信息: | 北京 化学工业出版社 2007 |
|
| 页数: | ||
| 开本: | 20cm | |
| 丛书名: | ||
| 单 册: | ||
| 中图分类: | P619.25 | |
| 科图分类: | ||
| 主题词: | 采矿地质学 , 矿床 | |
| 电子资源: | ||
| ISBN: | 7-5025-9284-9 | |
| 000 | 00567nam0 2200193 450 | |
| 001 | 0754114953 | |
| 005 | 20070929150154.95 | |
| 010 | @a7-5025-9284-9 | |
| 100 | @a20070929d km y0chiy0120 ea | |
| 101 | 0 | @achi |
| 200 | 1 | @a非金属矿物添料与加工技术@Afei jin shu kuang wu tian liao yu jia gong ji shu@f袁继祖 编著@Fyuan ji zu bian zhu |
| 210 | @a北京@c化学工业出版社@d2007 | |
| 215 | @c插图@d20cm | |
| 606 | 0 | @a采矿地质学 |
| 606 | 0 | @a矿床 |
| 690 | @aP619.25@v3 | |
| 701 | 0 | @a袁继祖@Ayuan ji zu@4编著 |
| 801 | 0 | @aCN@bPFT@c20070929 |
| 905 | @a213230@dP619.25@eh8@f1 | |
| 非金属矿物添料与加工技术/袁继祖 编著.-北京:化学工业出版社,2007 |
| 插图;20cm |
| ISBN 7-5025-9284-9: |
| ● |
| 相关链接 |
|
|
|
|
正题名:非金属矿物添料与加工技术
索取号:P619.25/h8
 
预约/预借
| 序号 | 登录号 | 条形码 | 馆藏地/架位号 | 状态 | 备注 |
| 1 | 6002445 | 260024459 | 密集书库-化学系/ [索取号:P619.25/h8] | 在馆 | |
| 2 | 6002446 | 260024468 | 密集书库-化学系/ [索取号:P619.25/h8] | 在馆 |